Hệ thống nghệ thuật của sử thi Tây Nguyên

Trình bày về cấu trúc trần thuật, đặc điểm nhân vật chính và các biện pháp nghệ thuật của thể loại sử thi Tây Nguyên

সংরক্ষণ করুন:
গ্রন্থ-পঞ্জীর বিবরন
প্রধান লেখক: Phạm Nhân Thành
বিন্যাস: গ্রন্থ
ভাষা:Vietnamese
প্রকাশিত: H. Đại học Quốc gia Hà Nội 2010
বিষয়গুলি:
ট্যাগগুলো: ট্যাগ যুক্ত করুন
কোনো ট্যাগ নেই, প্রথমজন হিসাবে ট্যাগ করুন!
Thư viện lưu trữ: Mạng thư viện Đại học Đà Nẵng
LEADER 01430aam a22003618a 4500
001 000007092
003 3253
005 20120515140516.0
008 110926s2010 viesd
020 |d 2000b 
041 0 |a vie 
082 1 4 |2 14  |a 398.2095976  |b PH-T 
100 1 |a Phạm Nhân Thành 
245 1 0 |a Hệ thống nghệ thuật của sử thi Tây Nguyên  |c Phạm Nhân Thành 
260 |a H.  |b Đại học Quốc gia Hà Nội  |c 2010 
300 |a 432tr.  |c 21cm 
500 |a ĐTTS ghi: Hội Văn nghệ dân gian Việt Nam 
504 |a Phụ lục: tr. 337-424. - Thư mục: tr. 427-430 
520 |a Trình bày về cấu trúc trần thuật, đặc điểm nhân vật chính và các biện pháp nghệ thuật của thể loại sử thi Tây Nguyên 
650 7 |2 Bộ TK TVQG  |a Văn học dân gian 
650 7 |2 Bộ TK TVQG  |a Sử thi 
650 7 |2 Bộ TK TVQG  |a Nghiên cứu văn học 
651 7 |2 Bộ TK TVQG  |a Tây Nguyên 
OWN |a LSP 
AVA |a UDN50  |b LSP  |d 398.2095976 PH-T  |e available  |t Error 5001 Not defined in file expand_doc_bib_avail.  |f 2  |g 0  |h N  |i 0  |k 1 
999 |a From the UDN01 
AVA |a UDN50  |b LSP  |d 398.2095976 PH-T  |e available  |t Error 5001 Not defined in file expand_doc_bib_avail.  |f 2  |g 0  |h N  |i 0  |k 1 
TYP |a Monograph 
TYP |a Printed language 
980 |a Mạng thư viện Đại học Đà Nẵng